000 01009nam a2200277Ia 4500
999 _c3536
_d3536
003 OSt
005 20200605144423.0
008 191128s9999 xx 000 0 und d
020 _a9588061547
040 _aCO-JMCR
_cCO-JMCR
041 _aspa
082 _aC /
_bVASd
100 _aVasco, Irene, 1952-, autor
_95046
245 0 _aEl dedo de estefanía y otros cuentos /
245 0 _cIrene Vasco ; Ilustraciones de Esperanza Vallejo
250 _aPrimera edición
260 _aBogota
260 _bAguilar , Altea , Taurus , Alfaguara
260 _c2000
300 _a47 páginas
300 _b Ilustraciones a color
300 _c 19 cm.
520 _a"De lunes a sábado el dedo de Estefanía es de todos los colores. El Domingo, el dedo le sabe a caramelo. Tiene cuatro años, cuatreo meses y cuatro días. ¡Ya es hora de que deje de chupar dedo! Isabel y Maria del sol no se quedan atrás. Una con su ángel de
650 _aCuentos infantiles colombianos
_95047
942 _2ddc
_cBK